zpět

Detail výsledku týmu

U Opata, Pardubice

Datum a čas kvízu

38 Celkem bodů Celkový počet nahraných bodů na tomto kvízu bez doplňovacích otázek.
2. Pořadí na kvízu Konečné umístění týmu na tomto kvízu.

Zaznamenané odpovědi

# Otázka Odpověď Body Výsledky
1. Český premiér Andrej Babiš při... o pistoli 1
2. Britská královna Alžběta II. o... Instagram 1
3. Tři interpreti dostali v úter... Lucie, Barbora Poláková 1
4. Nultý den na ženevském výstavi... B 0
5. Vedoucí žena Světového poháru... Špindlerův Mlýn 1
6. V prvních čtyřech otázkách tém... Božena Němcová, Babička 1
7. „Vstávej!“ ...Meduna krásně př... Karel Poláček, Muži v offsidu 0
8. "Mé nejstarší vzpomínky... To... Karel Čapek, Hovory s TGM 1
9. „Drva hlaďúnký, bílúnký, a tak... Rudolf Těsnohlídek, Liška Bystrouška 0
10. "V jednom kupé druhé třídy ryc... B 1